Statistics for Top 15 Celebrities Born In 1970

Click here to take the quiz!

General Stats

  • This quiz has been taken 125 times
  • The average score is 6 of 15

Answer Stats

Answer% Correct
Matt Damon
87%
Melanie Trump
66%
Melissa McCarthy
57%
River Phoenix
54%
Tina Fey
51%
Uma Thurman
46%
Naomi Campbell
41%
Octavia Spencer
34%
Will Arnett
30%
Jason Lee
27%
Matthew Lillard
20%
Heather Graham
15%
Jo Frost
13%
Skeet Ulrich
9%
Regina Hall
8%

Score Distribution

Percentile by Number Answered

Percent of People with Each Score

Your Score History

You have not taken this quiz